Hip To Be Scared - Ice Nine Kills (Lyrics) - Statistics

General Stats
  • This quiz has been taken 42 times
  • The average score is 150 of 333
Answer Stats
Answer % Correct
In
97%
the
97%
A
94%
killer
90%
wealthiest
90%
a
84%
sections
84%
great
81%
is
81%
often
81%
alibi
77%
and
77%
a
74%
complexion
74%
gore
74%
violence
74%
with
74%
and
71%
guess
71%
guy)
71%
I
71%
I'm
71%
mixed
71%
pretty
71%
to
71%
to
71%
to
71%
Valentino
71%
a
68%
American
68%
but
68%
Devil
68%
exceptions
68%
extreme
68%
For
68%
go
68%
good
68%
goodbye
68%
hell
68%
hell
68%
I'll
68%
intentions
68%
is
68%
it's
68%
it's
68%
makes
68%
my
68%
psychos
68%
say
68%
say
68%
sick
68%
the
68%
time
68%
(Well,
68%
where
68%
With
68%
with
68%
all
65%
are
65%
beauty
65%
But
65%
full
65%
going?"
65%
might
65%
of
65%
routines
65%
So
65%
So
65%
Some
65%
spleens
65%
to
65%
where
65%
you
65%
a
61%
escape
61%
find
61%
have
61%
"I
61%
no
61%
on
61%
once
61%
"Patrick,
61%
return
61%
some
61%
tape
61%
tapes."
61%
video
61%
You'll
61%
you're
61%
aware
58%
bit
58%
fridge
58%
I'm
58%
it's
58%
why?"
58%
"But
55%
captured
55%
couture
55%
"I'm
55%
just
55%
leaving."
55%
avant-garde
52%
a
48%
ever
48%
to
48%
to
48%
to
48%
to
48%
without
48%
a
45%
all
45%
American
45%
American
45%
and
45%
But
45%
But
45%
but
45%
came
45%
card
45%
Devil
45%
"Do
45%
exceptions
45%
For
45%
For
45%
for
45%
give
45%
go
45%
good
45%
good
45%
goodbye
45%
hell
45%
hell
45%
hell
45%
Hold
45%
I
45%
Ice
45%
I'll
45%
I'll
45%
intentions
45%
intentions
45%
is
45%
it's
45%
kill
45%
Kills?"
45%
let
45%
like
45%
little
45%
makes
45%
me
45%
me,
45%
my
45%
my
45%
Nine
45%
"Not
45%
out,
45%
piece
45%
psychos
45%
really."
45%
say
45%
Scream
45%
Silver
45%
So
45%
the
45%
The
45%
"Their
45%
them
45%
time
45%
wait,
45%
was
45%
where
45%
with
45%
with
45%
work
45%
you
45%
you
45%
a
42%
all
42%
all
42%
bit
42%
calls,
42%
Casually
42%
commercially
42%
early
42%
into
42%
is
42%
no
42%
of
42%
psychos
42%
really
42%
So
42%
So
42%
So
42%
that
42%
The
42%
There
42%
they
42%
think
42%
this
42%
when
42%
whole
42%
you
42%
above
39%
album
39%
artistically.
39%
be
39%
came
39%
cannot
39%
cut
39%
face,
39%
has
39%
Hey,
39%
it
39%
just
39%
makes
39%
melodic
39%
(Not
39%
own,
39%
Paul!"
39%
really
39%
redeemed
39%
refined
39%
rest.
39%
scene
39%
that
39%
(That's
39%
the
39%
the
39%
their
39%
too
39%
bone!)
35%
cleaving
35%
dark
35%
entity
35%
f***ing
35%
real
35%
sensibility
35%
a
32%
a
32%
grieving
32%
me,
32%
reached
32%
the
32%
(You've
32%
but
29%
But
29%
crossed
29%
don't
29%
Eric,
29%
gonna
29%
hello,
29%
I
29%
I
29%
I'm
29%
I've
29%
killed
29%
knife
29%
know
29%
leave
29%
line
29%
message.)
29%
Please
29%
the
29%
think
29%
with
29%
you
29%
away
26%
For
26%
get
26%
has
26%
it
26%
Jose
26%
lawyer
26%
meant
26%
my
26%
nothing."
26%
of
26%
this
26%
time
26%
To
26%
To
26%
to
26%
with
26%
all
23%
American
23%
American
23%
and
23%
as
23%
But
23%
calls,
23%
confession
23%
Devil
23%
exceptions
23%
For
23%
go
23%
good
23%
good
23%
hell
23%
hell
23%
hell
23%
Hold
23%
I'll
23%
I'll
23%
I'm
23%
intentions
23%
intentions
23%
is
23%
kill
23%
makes
23%
my
23%
psychos
23%
psychos
23%
psychotic,
23%
stabbed
23%
the
23%
them
23%
"This
23%
where
23%
with
23%
with
23%
all
19%
law
19%
offices
19%
So
19%
trash!)
19%
and
16%
b***h
16%
Chris,
16%
Drew,
16%
Mike,
16%
Mitchell,
16%
all-American
13%
Donald.
6%
Sommerberg,
3%
No matching quizzes found
Score Distribution
Percent of People with Each Score
Percentile by Number Answered
Your Score History
You have not taken this quiz